Foreign competition for steel markets : An analysis of world market shares for steel products, 1913-1962

保存先:
書誌詳細
第一著者: Gomez, Henry
フォーマット: 図書
言語:Undetermined
出版事項: New York University Microfilms International 1965
主題:
タグ: タグ追加
タグなし, このレコードへの初めてのタグを付けませんか!
Thư viện lưu trữ: Trung tâm Học liệu Trường Đại học Cần Thơ
LEADER 00624nam a2200193Ia 4500
001 CTU_99772
008 210402s9999 xx 000 0 und d
082 |a 338.47669 
082 |b G633 
100 |a Gomez, Henry 
245 0 |a Foreign competition for steel markets : 
245 3 |b An analysis of world market shares for steel products, 1913-1962 
245 0 |c Henry Gomez 
260 |a New York 
260 |b University Microfilms International 
260 |c 1965 
650 |a Iron industry and trade,Steel industry and trade,Market surveys 
904 |i Truc 
980 |a Trung tâm Học liệu Trường Đại học Cần Thơ